000 00577nam a22002297a 4500
003 UA-OsUOA
001 46966
007 ta
008 20070709b un ||||| |||| 00| 0 ukr d
100 _aЛевашева О.Е.
090 _a7.071.1
_bО-11
942 _cBK
040 _aUA-OsUOA
_brus
_cUA-OsUOA
_dUA-OsUOA
245 _aМихаил Иванович Глинка
300 _a341 с.
955 _a2
041 _arus
080 _a7.071.1
260 _aМ.
_bМузыка
_c1988
650 7 _a7 Мистецтво. Ігри. Спорт.
_2UDC
999 _c333066
_d333066